00353 a2200109 450000500170000002000180001708200160003524500740005126000580012530000450018370000150022820250516092309.0 a1-84542-949-4 a658.408 HAN aHandbook on Responsible Leadership and Governance in Global Business. aCheltenham,bEdward Elgal publishing Limited,c2005. axii, 416p.: Ill.; figuresbIndexc25cm. aDOH, P. J.